{"text_format":"2","workbook":"xlsx","n_sheets":1,"sheets":["Planilha1"],"not_rendered":{"charts":0,"images":0,"macros":0,"external_links":0,"defined_names":0,"comments":0,"pivot_tables":0},"unopened":[],"bounds":{"document_bytes":16777216,"sheet_cells":100000,"run_cost":"one","rows_first":2000,"rows_last":500,"rows_between":2000,"halvings":0,"cell_chars":16384,"cell_head_chars":4096},"cells_cut":0,"cells_raw":0,"read":"whole","date_system":"1900"}

{"sheet":"Planilha1","index":0,"n_rows":10,"n_cols":10,"rows_kept":10,"cut":false,"hidden":false,"merged":[[0,7,1,7],[0,8,1,8],[0,9,1,9],[2,0,8,0],[9,0,9,6],[0,0,1,0],[0,1,1,1],[0,2,1,2],[0,4,1,4],[0,5,1,5],[0,6,1,6]]}
["GRUPO","ITEM","Descrição do bem ou Serviço","Código CATMAT/","Métrica","Quantidade","Valor Médio (R$)","Valor Total Mensal","Quantidade de meses do contrato","Valor total do contrato"]
[null,null,null,"CATSER"]
[1,1,"Impressão Monocromática A4 – Dentro da franquia",26573,"Mês",153600,0.15,{"$f":"G3*F3","v":23040},48,{"$f":"H3*I3","v":1105920}]
[null,2,"Impressão Monocromática A4 – Excedente",26654,"Mês",93960,0.11333333333333299,{"$f":"G4*F4","v":10648.799999999968},48,{"$f":"H4*I4","v":511142.39999999851}]
[null,3,"Impressão policromática A4 – Dentro da Franquia",26611,"Mês",26350,0.87333320683111904,{"$f":"G5*F5","v":23012.329999999987},48,1104591.8399999994]
[null,4,"Impressão policromática A4 – Excedente",26697,"Mês",16080,0.64666666666666595,{"$f":"G6*F6","v":10398.399999999989},48,499123.19999999949]
[null,5,"Impressão colorido em grandes formatos – Dentro da Franquia",27600,"Mês",630,61.11,38499.300000000003,48,1847966.4000000001]
[null,6,"Impressão colorido em grandes formatos – excedente",27600,"Mês",405,48.89,19800.45,48,950421.60000000009]
[null,7,"Scanner de alta produtividade (taxa fixa mensal)",27618,"Mês",9,373,3357,48,161136]
["Valores Totais",{"$nulls":6},{"$f":"SUM(H3:H9)","v":128756.27999999994},48,{"$f":"H10*I10","v":6180301.4399999976}]